| Tag |
First Indicator |
Second Indicator |
Subfields |
| LEADER |
00000cam a22000001a 4500 |
| 001 |
in00003342001 |
| 006 |
m d f |
| 007 |
cr bn mmmapmmp |
| 008 |
110210s2006 dcua ob f000 0 eng d |
| 005 |
20260429203745.6 |
| 035 |
|
|
|a cis2007802604
|
| 040 |
|
|
|a ProQuest
|c ProQuest
|d UtOrBLW
|
| 043 |
|
|
|a n-us---
|
| 099 |
|
|
|a CMP-2006-GAO-0157
|
| 110 |
1 |
|
|a United States.
|b Government Accountability Office.
|
| 245 |
1 |
0 |
|a Airline deregulation :
|b reregulating the airline industry would likely reverse consumer benefits and not save airline pensions : report to congressional committees /
|c United States Government Accountability Office.
|
| 264 |
|
1 |
|a Washington, D.C. :
|b GAO,
|c 2006.
|
| 300 |
|
|
|a 1 online resource.
|
| 336 |
|
|
|a text
|b txt
|2 rdacontent
|
| 337 |
|
|
|a computer
|b c
|2 rdamedia
|
| 338 |
|
|
|a online resource
|b cr
|2 rdacarrier
|
| 500 |
|
|
|a Record is based on bibliographic data in ProQuest U.S. Congressional Research Digital Collection. Reuse except for individual research requires license from ProQuest, LLC.
|
| 504 |
|
|
|a Includes bibliographical references.
|
| 500 |
|
|
|a Electronic resource.
|
| 650 |
|
0 |
|a Airlines
|x Deregulation
|z United States.
|
| 655 |
|
7 |
|a Electronic books.
|2 local
|
| 710 |
2 |
|
|a ProQuest (Firm)
|
| 776 |
0 |
8 |
|i Print version:
|a United States. Government Accountability Office.
|t Airline deregulation
|w (DLC)2006415535
|
| 776 |
0 |
8 |
|i Microfiche version:
|a United States. Government Accountability Office.
|t Airline deregulation.
|d [Bethesda, Md.] : ProQuest,[2004]
|o CIS 2006 J942-220
|w (ProQuest)cis00601981
|
| 830 |
|
0 |
|a U.S. Congressional Research.
|
| 856 |
4 |
0 |
|u http://proxy.library.tamu.edu/login?url=https://congressional.proquest.com/congcomp/getdoc?CRDC-ID=CMP-2006-GAO-0157
|z Connect to the full text of this electronic book
|t 0
|
| 998 |
|
|
|a cis00601981
|
| 999 |
|
|
|a MARS
|
| 999 |
f |
f |
|s 616a8106-ddb1-380e-ba7c-974ea09b434c
|i 481a143a-6a2e-3b92-ba15-03b4872341b3
|t 0
|
| 952 |
f |
f |
|a Texas A&M University
|b College Station
|c Electronic Resources
|s www_evans
|d Available Online
|t 0
|e CMP-2006-GAO-0157
|h Other scheme
|
| 998 |
f |
f |
|a CMP-2006-GAO-0157
|t 0
|l Available Online
|